Statistiken für Schnelle Mathematik - Quadratzahlen Level 10

Klicken Sie hier um das Quiz zu spielen!

Allgemein

  • Dieses Quiz wurde 50 mal gespielt
  • Das Durchschnittsergebnis liegt bei 9 aus 20

Antwortstatistiken

FrageAntwort% Korrekt
12²144
100%
25
100%
36
100%
49
100%
81
100%
40²1600
88%
4
86%
9
86%
16
83%
15²225
83%
11²121
80%
13²169
80%
50²2500
80%
64
80%
10²100
75%
20²400
67%
14²196
63%
18²324
60%
22²484
57%
30²900
57%
1
50%
41²1681
50%
49²2401
50%
16²256
50%
19²361
50%
25²625
50%
17²289
40%
24²576
40%
37²1369
33%
29²841
33%
34²1156
29%
43²1849
29%
26²676
25%
27²729
25%
33²1089
20%
36²1296
20%
42²1764
20%
46²2116
17%
38²1444
14%
45²2025
14%
32²1024
0%
35²1225
0%
39²1521
0%
44²1936
0%
47²2209
0%
48²2304
0%
21²441
0%
23²529
0%
28²784
0%
31²961
0%

Verteilung der Resultate

Perzentil nach korrekt beantworteten Fragen

Anzahl Personen mit jedem Resultat

Ihre Resultats-Entwicklung

Sie haben dieses Quiz noch nicht gespielt